| 000 | 00680nam a2200217 u 4500 | ||
|---|---|---|---|
| 005 | 20230311063733.0 | ||
| 008 | 130820s2008 r 000 0 eng d | ||
| 020 | _a9789870008293 | ||
| 035 | _aUPN01000192347 | ||
| 049 | _aCG | ||
| 050 | 4 |
_aHV6570 _bA2.6 |
|
| 245 | 0 | 0 |
_aAbuso sexual en la infancia 3 : _bla revictimización : las buenas prácticas sociales, jurídicas y psicológicas / _ccomp. Jorge R. Volnovich. |
| 260 |
_aBuenos Aires : _bLumen, _c2008. |
||
| 300 | _a251 p. | ||
| 440 | 0 | _aMinoridad y familia | |
| 650 | 4 |
_aAbuso sexual de niños _975 |
|
| 650 | 4 |
_aAbuso de niños _971 |
|
| 700 | 1 |
_aVolnovich, Jorge R., _ecomp. |
|
| 905 | _aLibro | ||
| 999 |
_c164450 _d164450 |
||